[Event "Maastricht Limburg op-B 9th"]
[Site "Maastricht"]
[Date "2015.05.23"]
[Round "3"]
[White "Hoefken, Tom"]
[Black "Mossin, Ivar Alexander"]
[Result "1-0"]
[WhiteElo "1878"]
[BlackElo "1757"]
[PlyCount "61"]
[EventDate "2015.05.22"]
[EventType "swiss"]
[EventRounds "7"]
[EventCountry "NED"]
[SourceTitle "EXT 2016"]
[Source "ChessBase"]
[SourceDate "2015.10.08"]
[SourceVersion "1"]
[SourceVersionDate "2015.10.08"]
[SourceQuality "1"]

1. e4 e6 2. d4 d5 3. Nd2 Nf6 4. e5 Nfd7 5. Bd3 c5 6. c3 Nc6 7. Ne2 cxd4 8. cxd4 f6 9. Nf4 Nxd4 10. Qh5+ Ke7 11. Ng6+ hxg6 12. exf6+ gxf6 13. Qxh8 Ne5 14. Qh7+ Kd6 15. Bxg6 Bd7 16. Nb3 Nxb3 17. axb3 Qb6 18. 0-0 Qxb3 19. Bc2 Qb4 20. b3 Qc3 21. Ba3+ Kc6 22. b4 Bxb4 23. Bxb4 Qxb4 24. Rfb1 Qd4 25. Qe7 Kc7 26. Ba4 Rd8 27. Rc1+ Nc6 28. Bxc6 bxc6 29. Ra6 Kc8 30. Raxc6+ Kb7 31. Rc7+ 1-0

[Event "Maastricht Limburg op-B 9th"]
[Site "Maastricht"]
[Date "2015.05.23"]
[Round "2"]
[White "Schleipfenbauer, Bent"]
[Black "Hoefken, Tom"]
[Result "0-1"]
[WhiteElo "2030"]
[BlackElo "1878"]
[PlyCount "93"]
[EventDate "2015.05.22"]
[EventType "swiss"]
[EventRounds "7"]
[EventCountry "NED"]
[SourceTitle "EXT 2016"]
[Source "ChessBase"]
[SourceDate "2015.10.08"]
[SourceVersion "1"]
[SourceVersionDate "2015.10.08"]
[SourceQuality "1"]

1. c4 c5 2. Nc3 Nc6 3. g3 g6 4. Bg2 Bg7 5. Nf3 e5 6. 0-0 Nge7 7. d3 0-0 8. Bg5 f6 9. Be3 d6 10. a3 f5 11. Rb1 a5 12. Qc1 Be6 13. Ng5 Bc8 14. f4 h6 15. Nf3 exf4 16. Bxf4 g5 17. Nxg5 hxg5 18. Bxg5 Qe8 19. Nb5 Nd4 20. Nxd6 Nxe2+ 21. Kh1 Nxc1 22. Nxe8 Rxe8 23. Rbxc1 Nc6 24. Bd5+ Kh7 25. Rc2 Bd7 26. g4 fxg4 27. Rff2 Ne5 28. Be4+ Kg8 29. Rf1 Bc6 30. Rg1 Bxe4+ 31. dxe4 Nf3 32. Rxg4 Nxg5 33. Rxg5 Rxe4 34. Rxc5 Bd4 35. Rc7 b6 36. Rd7 Rae8 37. Rg2+ Kf8 38. Rg3 Re1+ 39. Kg2 Rg1+ 40. Kh3 Rxg3+ 41. hxg3 Bxb2 42. Kg4 Bxa3 43. Kf4 Re7 44. Rd8+ Kg7 45. g4 Rf7+ 46. Kg3 Bc5 47. Ra8 0-1